000 01265nam a22004457a 4500
005 20251017144054.0
008 190423b2015 xxu||||| |||| 00| 0 spa d
020 _a9789972044786
041 _aESP
082 _a363.25 L868m3
100 _aLorente Acosta, José Antonio
_953366
245 _aManual de criminalística
_bVolumen I
250 _a3 edición
260 _aPerú
260 _bGrijley
260 _c2015
300 _a1158 páginas
490 _aInvestigación Criminal
505 _aContiene disco compacto N° 805
650 _aCRIMINALÍSTICA
650 _aESCENA DEL CRIMEN
650 _aLABORATORIO
650 _aBIOLOGÍA FORENSE
650 _aIDENTIFICACIÓN
650 _aINVESTIGACIÓN CRIMINAL
650 _aINVESTIGACIÓN DE LA ESCENA DEL CRIMEN
650 _aABORDAJE DE LA ESCENA DEL CRIMEN
650 _aMOLDEADO FORENSE
650 _aMEDICINA FORENSE
650 _aINGENIERÍA FORENSE
650 _aQUÍMICA FORENSE
650 _aPSICOLOGÍA FORENSE
650 _aBALÍSTICA FORENSE
650 _aEXPLOSIVOS
650 _aGRAFOTECNIA
650 _aIDENTIFICACIÓN PAPILOSCÓPICA
650 _aIDENTIFICACIÓN FACIAL
650 _aESTOMATOLOGÍA FORENSE
942 _cBK
_2ddc
999 _c11870
_d11870